Szczegóły MARC21

Współczesna gospodarka światowa : wybrane problemy : skrypt dla studentów wszystkich kierunków ekonomicznych /

003 -Nazwa inst., której nr kontr. jest w polu 001 [,]
    • @
    • Nazwa instytucji, której n kontrolny jest w polu 001
    • NUKAT
005 -DATA I CZAS OSTATNIEJ MODYFIKACJI [,]
    • @
    • pole kontrolne
    • 20241231112811.0
040 -Instytucja sporządzająca opis [ , ]
    • a
    • Instytucja, która sporządziła opis (NP)
    • SZCZ U/JS
    • b
    • Język katalogowania
    • pol
    • e
    • Zasady katalogowania
    • rda
    • c
    • Instytucja, która sporządziła rekord (NP)
    • SZCZ U/JSs
942 -Rodzaj dokumentu [ , ]
    • c
    • Rodzaj dokumentu
    • Książka
100 -Hasło główne - nazwa osobowa [1, ]
    • a
    • Nazwa osobowa (NP)
    • Dudziński, Jerzy
    • d
    • Daty biograficzne (NP)
    • (1947- ).
    • e
    • Rodzaj współpracy
    • Autor
    • 9
    • KHW
    • 14129
245 -Strefa tytułu i oznaczenia odpowiedzialności [1,0]
    • a
    • Tytuł
    • Współczesna gospodarka światowa : Find
    • b
    • Ciąg dalszy tytułu (NP)
    • wybrane problemy : skrypt dla studentów wszystkich kierunków ekonomicznych / Find
    • c
    • Pozostałe elementy strefy tytułu i oznaczenia odpowiedzialności (NP)
    • autorzy: Jerzy Dudziński, Adam Gwiazda, Wojciech Kolenda, Halina Nakonieczna-Kisiel ; Uniwersytet Szczeciński.
250 -Strefa wydania [ , ]
    • a
    • Oznaczenie wydania (NP)
    • Wydanie I.
260 -Strefa adresu wydawniczego [ , ]
    • a
    • Miejsce wydania (P)
    • Szczecin :
    • b
    • Nazwa wydawcy (P)
    • Wydawnictwo Naukowe Uniwersytetu Szczecińskiego,
    • c
    • Data wydania (P)
    • 1990.
300 -Strefa opisu fizycznego [ , ]
    • a
    • Określenie formy książki i/lub objętość (NP)
    • 292 strony ;
    • c
    • Format (NP)
    • 24 cm.
336 -Typ zawartości [ , ]
    • a
    • Termin opisujący typ zawartości
    • Tekst
    • b
    • Kod określający zawartość
    • txt
    • 2
    • Źródło (terminu i kodu)
    • rdacontent
337 -Typ mediów [ , ]
    • a
    • Tryb odtwarzania
    • Bez urządzenia pośredniczącego
    • b
    • Kod typu mediów
    • n
    • 2
    • Źródło (terminu i kodu)
    • rdamedia
338 -Typ/rodzaj nośnika [ , ]
    • a
    • Hasło opisujące typ nośnika
    • Wolumin
    • b
    • Kod typu nośnika
    • nc
    • 2
    • Źródło (terminu i kodu)
    • rdacarrier
504 -Uwaga dot. bibliogr. załącznikowej [ , ]
    • a
    • Uwaga dot. bibliografii załącznikowej
    • Bibliografia na stronach 289-292.
650 -Hasło przedmiotowe [ ,7]
    • a
    • Hasło przedmiotowe
    • Międzynarodowe stosunki gospodarcze
    • y
    • Określnik chronologiczny
    • 1990-
    • v
    • Określnik formalny
    • podręczniki akademickie.
    • 2
    • Źródło terminu
    • kaba
    • 9
    • KHW
    • 388929
700 -Hasło dodatkowe - nazwa osobowa [1, ]
    • a
    • Nazwa osobowa (NP)
    • Gwiazda, Adam Find
    • d
    • Daty biograficzne (NP)
    • (1946- ).
    • e
    • Określenie rodzaju współpracy
    • Autor
    • 9
    • KHW
    • 57610
700 -Hasło dodatkowe - nazwa osobowa [1, ]
    • a
    • Nazwa osobowa (NP)
    • Nakonieczna-Kisiel, Halina. Find
    • e
    • Określenie rodzaju współpracy
    • Autor
    • 9
    • KHW
    • 76
700 -Hasło dodatkowe - nazwa osobowa [1, ]
    • a
    • Nazwa osobowa (NP)
    • Kolenda, Wojciech. Find
    • e
    • Określenie rodzaju współpracy
    • Autor
    • 9
    • KHW
    • 613456
710 -Hasło dodatkowe - nazwa ciała zbiorowego [2, ]
    • a
    • Nazwa ciała zbiorowego lub nazwa geograficzna jako pierwszy element (NP)
    • Uniwersytet Szczeciński.
    • b
    • Nazwa jednostki podrzędnej (P)
    • Wydawnictwo Naukowe.
    • e
    • Rodzaj współpracy
    • Wydawca
    • 4
    • Kod relacji
    • pbl
    • 9
    • KHW
    • 51208
710 -Hasło dodatkowe - nazwa ciała zbiorowego [2, ]
    • a
    • Nazwa ciała zbiorowego lub nazwa geograficzna jako pierwszy element (NP)
    • Uniwersytet Szczeciński.
    • e
    • Rodzaj współpracy
    • Instytucja sprawcza
    • 9
    • KHW
    • 9119
Status udost. Numer inwentarzowy Data inwentaryzacji Lokalizacja
2E.591891997-01-01BE
2S.693191997-01-01BE
2S.693201997-01-01BE
2S.693211997-01-01BE
2S.693221997-01-01BE
2S.693231997-01-01BE
2S.693241997-01-01BE
2S.693251997-01-01BE
2S.693261997-01-01BE
2S.693271997-01-01BE
2S.693281997-01-01BE
2S.693291997-01-01BE
2S.693301997-01-01BE
2S.693311997-01-01BE
2S.693321997-01-01BE
2S.693331997-01-01BE
2S.693341997-01-01BE
2S.693351997-01-01BE
2S.693361997-01-01BE
2S.693371997-01-01BE
2S.693381997-01-01BE
2S.693391997-01-01BE
2S.693401997-01-01BE
2S.693411997-01-01BE
2S.693421997-01-01BE
2S.693431997-01-01BE
2S.693441997-01-01BE
2S.693451997-01-01BE
2S.693461997-01-01BE
2S.693471997-01-01BE
2S.693481997-01-01BE
2S.693491997-01-01BE
2S.693501997-01-01BE
2S.693511997-01-01BE
2S.693521997-01-01BE
2S.693531997-01-01BE
2S.693541997-01-01BE
2S.693551997-01-01BE
2S.693561997-01-01BE
2S.693571997-01-01BE
2S.693581997-01-01BE
2S.693591997-01-01BE
2S.693601997-01-01BE
2S.693611997-01-01BE
2S.693621997-01-01BE
2S.693631997-01-01BE
2S.693641997-01-01BE
2S.693651997-01-01BE
2S.693661997-01-01BE
2S.693671997-01-01BE
2S.693681997-01-01BE
2S.693691997-01-01BE
2S.693701997-01-01BE
2S.693711997-01-01BE
2S.693721997-01-01BE
2S.693731997-01-01BE
2S.693741997-01-01BE
2S.693751997-01-01BE
2S.693761997-01-01BE
2S.693771997-01-01BE
-3S.693781997-01-01BE
2S.693791997-01-01BE
2S.693801997-01-01BE
2S.693811997-01-01BE
2S.693821997-01-01BE
2S.693831997-01-01BE
2S.693841997-01-01BE
2S.693851997-01-01BE
2S.693861997-01-01BE
2S.693871997-01-01BE
2S.693881997-01-01BE
2S.777511997-01-01BE
2S.741351997-01-01BE
2S.741361997-01-01BE
2S.741371997-01-01BE
2S.741381997-01-01BE
2S.741391997-01-01BE
-11S.741422010-01-01BE
-11S.741402010-01-01BE
-11S.741412010-01-01BE